00483cam a2200181 a 45000010009000000050017000090080041000260100017000670200015000840400018000990410008001170800017001250820021001421000007001631010008001702450059001785040064002371345758820180109070236.0040114s2005 maua b 001 0 eng  a 2004044284 a0321227352 aDLCcDLCdDLC aeng a004.678 JAM00a004.678 JAM2221 a28 aSHK10aComputer networking :cJames F. Kurose, Keith W. Ross. aIncludes bibliographical references (p. 763-795) and index.